000 00614nam a2200217Ia 4500
003 OSt
005 20230425154543.0
008 210423s2007 xx 000 0 und d
020 _a978-1-138-23636-3
040 _cAL
041 _aeng
082 _a820.9287
_223
_bBUTG
100 _aBUTLER (Judith)
_992951
245 _aGender trouble
_bFeminism and the subversion of identity
260 _aNew York
_bRoutledge
_c2007
300 _axxxvi,236
_bPB
365 _b450
_cINR
650 _aEnglish Criticism
_992952
906 _aFeminism ; Gender ; identity ; subversion ; troble ; trouble
942 _2ddc
_cBK
999 _c170225
_d170225